Vláda rušila projekty, sčasti zrušené - a pritom jej to zákon neumožňoval

Vláda SR na zasadaní vo februári 1995 prehodnotila privatizačné rozhodnutia na priamy predaj štátneho majetku prijaté v minulom roku. Potvrdenie pôvodných projektov, revízia zvyšných projektov a zrušenie už zrušených projektov.

Guardado en:
Detalles Bibliográficos
Autor principal: Hajko, J.
Formato: Capítulo de libro
Lenguaje:eslovaco
Materias:
Etiquetas: Agregar Etiqueta
Sin Etiquetas, Sea el primero en etiquetar este registro!

MARC

LEADER 00000naa a2200000 4500
001 r017931
005 20221205103140.3
041 0 |a slo 
044 |a SK 
245 1 0 |a Vláda rušila projekty, sčasti zrušené - a pritom jej to zákon neumožňoval  |c J. Hajko 
520 |a Vláda SR na zasadaní vo februári 1995 prehodnotila privatizačné rozhodnutia na priamy predaj štátneho majetku prijaté v minulom roku. Potvrdenie pôvodných projektov, revízia zvyšných projektov a zrušenie už zrušených projektov. 
610 2 0 |a privatizácia 
610 2 0 |a vláda 
610 2 0 |a Slovensko 
610 2 0 |a 1995 
610 2 0 |a projekty 
610 2 0 |a vlastníctvo štátne 
610 2 0 |a predaj priamy 
100 1 |a Hajko, J.